000 02446cam a2200277 4500500
005 20260329021434.0
041 _afre
042 _adc
100 1 0 _aEllouze, Faten
_eauthor
700 1 0 _aEllini, Sana
_eauthor
700 1 0 _aCherif, Wissal
_eauthor
700 1 0 _aMrad, Mohamed Fadhel
_eauthor
245 0 0 _aL’anorexie mentale évaluée par le EAT 40
260 _c2015.
500 _a49
520 _aL’ anorexie mentale est une pathologie grave qui peut mettre en jeu le pronostic vital et qui est caractérisée par une importante comorbidité somatique et psychiatrique. Les formes sub-syndromiques sont jusqu’à 10 fois plus fréquentes. Notre travail est une étude transversale portant sur 200 adolescents tirés au sort et scolarisés dans les structures publiques. Notre objectif était de rechercher les facteurs épidémiologiques reliés à l’anorexie mentale chez un groupe d’adolescents Tunisiens en s’aidant du questionnaire EAT 40 dans sa version arabe validée, outil le plus utilisé pour le dépistage de l’anorexie mentale, pour détecter la présence de troubles du comportement alimentaire dans une population à haut risque. La détection de cette pathologie nous parait très importante afin d’instaurer au plus tôt une prise en charge pour éviter une évolution défavorable.
520 _aAnorexia nervosa is a serious condition that can develop life-threatening and is characterized by a high somatic and psychiatric comorbidity. The sub-syndromic forms are up to 10 times more frequent. Our work is a cross-sectional study of 200 adolescents randomly selected and enrolled in public structures. Our objective was to investigate the epidemiological factors related to anorexia nervosa in a group of teenagers are helping Tunisians questionnaire EAT 40 in its Arabic version validated, the most used tool for screening for anorexia nervosa, to detect the presence of eating disorders in a population at high risk. The detection of this disease seems to us very important to establish at an early care to avoid unfavorable evolution.
690 _aanorexie mentale
690 _acomorbidité
690 _adépistage
690 _aanorexia nervosa
690 _acomorbidity
690 _ascreening
786 0 _nPsy Cause | 68 | 1 | 2015-01-20 | p. 38-43 | 1245-2394
856 4 1 _uhttps://shs.cairn.info/revue-psy-cause-2015-1-page-38?lang=fr&redirect-ssocas=7080
999 _c1912569
_d1912569